Statistics for Lana Del Rey songs by album

Click here to take the quiz!

General Stats

  • This quiz has been taken 514 times
    (452 since last reset)
  • The average score is 46 of 71

Answer Stats

Lana Del ReyAnswer% Correct
BORN TO DIEBorn To Die
97%
ULTRAVIOLENCE (Japanese Bonus)Flipside
95%
Ultraviolence
93%
Salvatore
87%
Summertime Sadness
86%
Video Games
85%
Blue Jeans
84%
Lust For Life
84%
Off To The Races
82%
Brooklyn Baby
81%
Carmen
80%
PARADISERide
80%
HONEYMOONHoneymoon
79%
National Anthem
78%
Cola
77%
Lolita
77%
West Coast
77%
ULTRAVIOLENCE (Austrian, German, & Swiss Bonus)West Coast (Radio Mix)
77%
Dark Paradise
76%
Radio
75%
LUST FOR LIFELove
73%
This Is What Makes Us Girls
73%
Diet Mountain Dew
72%
Sad Girl
70%
Shades Of Cool
70%
ULTRAVIOLENCECruel World
69%
American
68%
Cherry
68%
Gods & Monsters
68%
Million Dollar Man
68%
Bel Air
67%
Yayo
67%
Florida Kilos
65%
High By The Beach
65%
Old Money
65%
Art Deco
64%
Body Electric
63%
Freak
63%
Pretty When You Cry
63%
Summer Bummer
63%
BORN TO DIE (Deluxe)Without You
63%
ULTRAVIOLENCE (Deluxe)Black Beauty
62%
Blue Velvet
62%
Money Power Glory
60%
White Mustang
60%
24
59%
Lucky Ones
59%
Swan Song
59%
The Other Woman
59%
Terrence Loves You
58%
Heroin
57%
Music To Watch Boys To
57%
Get Free
56%
Groupie Love
56%
13 Beaches
54%
Guns And Roses
54%
Burning Desire
53%
Coachella Woodstock In My Mind
53%
Beautiful People Beautiful Problems
52%
Change
52%
God Knows I Tried
50%
Religion
50%
Tomorrow Never Came
50%
In My Feelings
48%
The Blackest Day
47%
Don't Let Me Be Misunderstood
45%
God Bless America And All The Beautiful Women In It
44%
When The World Was At War We Kept Dancing
43%
Burnt Norton (Interlude)
42%
ULTRAVIOLENCE (iTunes Bonus)Is This Happiness
37%
F'd My Way To The Top
5%

Score Distribution

Percentile by Number Answered

Percent of People with Each Score

Your Score History

You have not taken this quiz since the last reset